K německým rukopisům a starým tiskům chebských františkánů
| Titel: | K německým rukopisům a starým tiskům chebských františkánů |
|---|---|
| Verfasser: | |
| In: |
Muzeum Cheb: Sborník Chébskeho Muzea, (2000), Seite 38-43 alle Artikel anzeigen |
| Veröffentlicht: | 2000 [vyd. 2001] |
| Format: | Aufsatz |
| Sprache: | Tschechisch |
X
alg: 39300414 001A $01999:11-11-16 001B $01999:28-04-17 $t15:27:59.000 001C $06050:19-11-16 $t22:36:47.000 001D $01999:11-11-16 001U $0utf8 001X $00 002@ $0Aox 003@ $0393004147 007A $0393004147 $aHEB 007T $0Herdp24962 010@ $acze 011@ $a2000 $n2000 [vyd. 2001] 021A $aK německým rukopisům a starým tiskům chebských františkánů 028A $7127081801 $8Bok, Václav$Z1939- [Tp1] $9123287952 031A $h38-43 $j2000 037A $aRés. něm. s. 43: Zu einigen deutschen Handschriften und alten Drucken der Bibliothek der Egerer Franziskaner 039B $aIn $8--Abvc--Muzeum Cheb [Tb1]. Sborník Chébskeho Muzea. - Cheb : Muzeum, 1993-2006. - ISSN 1211-9210 $x200000000000000962 $9070513341 045T $a9,10 $a7,41 lok: 39300414 78 exp: 39300414 78 1 #EPN 201B/01 $026-11-17 $t01:25:27.000 201U/01 $0utf8 203@/01 $0789114453 208@/01 $a11-11-16 $be 209A/01 $a/ $f000 $x00 220C/01 $aHerkunft: Hú Av Čr Praha 244Z/01 $#Tschechien $#Tschechische Republik $#Tschechische Republik $#Tschechenland $#Tschechei Tschechien $#Česká Republika $#Czech Republic $#ČR $74303381-7 $8--Tg1--Tschechien $x01 $9086659812 244Z/01 $2Trx $#Böhmen $#Bohemia $#Czechy $8--Trx--Čechy $x02 $9391188941 244Z/01 $#Cheb $#Egra $#Egrae $#Egire $#Oegra $#Cheb $#Eger Böhmen $#Egra Böhmen $#Agria Böhmen $#Eger Egerland $74013597-4 $8--Tg1--Eger$gKraj Karlsbad $x03 $9085029971 244Z/01 $2Trx $#käsikirjad $#rankraščiai $#Manuscripts $#kéziratok $#rękopisy $#rukopisy $#rukopisy $8--Trx--Handschriften $x04 $9391380524 244Z/01 $2Trx $#trükis, vana $#senieji spaudiniai $#Prints, old $#nyomtatás, régi $#starodruki $#tlače staré $#tisky staré $8--Trx--Drucke, alte $x05 $9391353918 244Z/01 $2Trx $#raamatukogud kiriklikud $#bibliotekos, bažnyčių $#Libraries ecclesiastical $#könyvtárak egyházi $#biblioteki kościelne $#knižnice cirkevné $#knihovny církevní $8--Trx--Bibliotheken$gkirchliche $x06 $9391370308 244Z/01 $2Trx $#ordud frantsiskaanid $#ordinas pranciškonų $#Order Franciscans $#szerzetesrendek Ferences szerzetesek $#zakony, franciszkanie $#rád, františkáni $#řád, františkáni $#Minoriten $#Bernhardiner $#Franziskaner $#Orden Bernhardiner $#minoryci $#bracia mniejsi $#bernardyni $#franciszkanie $#františkáni $#řád, minorité $#řád, bernardini $8--Trx--Orden$gFranziskaner $x07 $9391382888 244Z/01 $2Trx $8--Trx--Zeitschriftenaufsatz $x08 $9391384341 247C/01 $82080>Marburg/Lahn, Herder-Institut, Forschungsbibliothek, Bibliographieportal $9336309341
| LEADER | 00000caa a22000002c 4500 | ||
|---|---|---|---|
| 001 | 393004147 | ||
| 003 | DE-603 | ||
| 005 | 20170428152759.0 | ||
| 007 | tu | ||
| 008 | 161111s2000 xx |||| | u00||u|cze c | ||
| 035 | |a (DE-599)HEB393004147 | ||
| 040 | |a DE-603 |b ger |c DE-603 |d DE-603 | ||
| 041 | |a cze | ||
| 084 | |a 9,10 |a 7,41 |2 ssgn | ||
| 100 | 1 | |a Bok, Václav |d 1939- |0 (DE-603)123287952 |0 (DE-588)127081801 |2 gnd | |
| 245 | 0 | 0 | |a K německým rukopisům a starým tiskům chebských františkánů |
| 264 | 0 | |c 2000 [vyd. 2001] | |
| 500 | |a Rés. něm. s. 43: Zu einigen deutschen Handschriften und alten Drucken der Bibliothek der Egerer Franziskaner | ||
| 773 | 0 | 8 | |i In |a Muzeum Cheb |t Sborník Chébskeho Muzea |d Cheb : Muzeum, 1993-2006 |x 1211-9210 |g (2000), Seite 38-43 |w (DE-603)070513341 |w (DE-600)1353473-7 |
| 924 | 0 | |9 2080 |a (DE-603)789114453 |b DE-2080 |c HES |d d |g / | |


